Los alcances de la administración pública (Registro nro. 2650)

Detalles MARC
000 -LEADER
fixed length control field 01117 a2200217 4500
001 - CONTROL NUMBER
control field 36421
005 - DATE AND TIME OF LATEST TRANSACTION
control field 20260407155639.0
008 - FIXED-LENGTH DATA ELEMENTS--GENERAL INFORMATION
fixed length control field 260407a1979 arg spa d
003 - CONTROL NUMBER IDENTIFIER
control field AR-UNSa-BCEJYS
040 ## - CATALOGING SOURCE
Original cataloging agency AR-UNSa-BCEJYS
Language of cataloging spa
Transcribing agency AR-UNSa-BCEJYS
080 ## - UNIVERSAL DECIMAL CLASSIFICATION NUMBER
Universal Decimal Classification number 35
Common auxiliary subdivision Administración Pública
020 ## - INTERNATIONAL STANDARD BOOK NUMBER
International Standard Book Number 968-18-0124-5
041 ## - LANGUAGE CODE
Language code of text/sound track or separate title spa
100 1# - MAIN ENTRY--PERSONAL NAME
Personal name Hood, Christopher C.
245 10 - TITLE STATEMENT
Title Los alcances de la administración pública
Name of part/section of a work problemas de implantación y control de sistemas
264 #1 - PRODUCTION, PUBLICATION, DISTRIBUTION, MANUFACTURE, AND COPYRIGHT NOTICE
Place of production, publication, distribution, manufacture México :
Name of producer, publisher, distributor, manufacturer Limusa
Date of production, publication, distribution, manufacture, or copyright notice 1979
300 ## - PHYSICAL DESCRIPTION
Extent xii, 263 p.
Dimensions 23 cm.
505 ## - FORMATTED CONTENTS NOTE
Formatted contents note 1. La administración perfecta - 2. Tipos de límites administrativos - 3. Casos de estudio número uno: contratación y suministro - 4. La clasificación y sus límites - 5. Aprendizaje y contraaprendizaje - 6. Caso de estudio número dos: Impuestos a los especuladores de terrenos - 7. Tipo de control administrativo - 8. Análisis de control en las organizaciones - 9. Los límites del control - 10. Caso de estudio número tres: Impuestos al apostador - 11. Resumen y conclusión
590 ## - LOCAL NOTE (RLIN)
Local note niveau_biblio:m niveau_hierar:0
942 ## - ADDED ENTRY ELEMENTS (KOHA)
Koha item type
Existencias
Withdrawn status Lost status Damaged status Not for loan Home library Current library Shelving location Date acquired Total checkouts Full call number Barcode Date last seen Price effective from Koha item type
        Biblioteca Prof. Eusebio Cleto del Rey Biblioteca Prof. Eusebio Cleto del Rey   07/04/2026   35 H776 L33837 07/04/2026 07/04/2026 Libro
        Biblioteca Prof. Eusebio Cleto del Rey Biblioteca Prof. Eusebio Cleto del Rey   07/04/2026   35 H776 L125306 07/04/2026 07/04/2026 Libro